THE TWITS (Record no. 33)
[ view plain ]
| 000 -LEADER | |
|---|---|
| fixed length control field | 00303nam a22001337a 4500 |
| 020 ## - INTERNATIONAL STANDARD BOOK NUMBER | |
| ISBN | 0-141-31830-9 |
| 082 ## - DEWEY DECIMAL CLASSIFICATION NUMBER | |
| Classification number | 823 |
| Item number | DAH/T |
| 100 ## - MAIN ENTRY--AUTHOR NAME | |
| Personal name | ROAHLD DAHL |
| 245 ## - TITLE STATEMENT | |
| Title | THE TWITS |
| 260 ## - PUBLICATION, DISTRIBUTION, ETC. (IMPRINT) | |
| Place of publication | UNITED KIGDOM |
| Name of publisher | PUFFINS BOOKS |
| Year of publication | 2001 |
| 300 ## - PHYSICAL DESCRIPTION | |
| Number of Pages | 85 |
| 650 ## - SUBJECT ADDED ENTRY--TOPICAL TERM | |
| Topical Term | CHILDREN'S STORY BOOK |
| Geographic subdivision | UNITED KINGDOM |
| 942 ## - ADDED ENTRY ELEMENTS (KOHA) | |
| Koha item type | Books |
| Withdrawn status | Lost status | Collection code | Home library | Current library | Shelving location | Date acquired | Full call number | Accession Number | Koha item type | Source of acquisition |
|---|---|---|---|---|---|---|---|---|---|---|
| Fiction | Main Library | Main Library | On Display | 23/07/2019 | 823 DAH/T | 00511 | Books | |||
| Fiction | Main Library | Main Library | SHELF-12B-CHICKEN SOUP,ROALD DAH | 24/01/2019 | 823 DAH/T | 10645 | Books | purchase |